Loading...
| Philosophy | 0 | 3 | 0 | 0 | 30 | 80 | 96.00 | 0 | 0 | 5.01 | 10.23 |
| Popular Culture | 0 | 3 | 0 | 0 | 30 | 75 | 93.33 | 0 | 0 | 12.37 | 15.00 |
| Science - Other | 0 | 3 | 0 | 0 | 30 | 75 | 84.67 | 0 | 0 | 8.81 | 10.19 |
| Science - Chemistry | 0 | 2 | 0 | 0 | 20 | 65 | 98.00 | 0 | 0 | 3.59 | 7.41 |
| Literature - American | 0 | 2 | 1 | 0 | 15 | 87 | 92.00 | 0 | 0 | 3.89 | 6.48 |
| Religion | 0 | 1 | 0 | 0 | 10 | 93 | 93.00 | 0 | 1 | 2.43 | 7.41 |
| Science - Biology | 0 | 1 | 0 | 0 | 10 | 33 | 33.00 | 0 | 1 | 7.87 | 10.19 |
| Fine Arts - Painting and Sculpture | 0 | 1 | 0 | 0 | 10 | 92 | 92.00 | 0 | 0 | 2.37 | 1.85 |
| History - European | 0 | 1 | 0 | 0 | 10 | 39 | 39.00 | 0 | 0 | 7.06 | 4.63 |
| Literature - British | 0 | 1 | 0 | 0 | 10 | 109 | 109.00 | 0 | 0 | 0.00 | 0.93 |
| Literature - World | 0 | 1 | 0 | 0 | 10 | 111 | 111.00 | 0 | 0 | 0.39 | 4.04 |
| Mythology | 0 | 1 | 0 | 0 | 10 | 87 | 87.00 | 0 | 0 | 2.24 | 2.78 |
| Literature - European | 0 | 0 | 0 | 0 | 0 | 0.00 | 0 | 0 | 0.00 | 0.00 | |
| Science - Physics | 0 | 0 | 1 | 0 | -5 | 0.00 | 0 | 0 | 0.00 | 0.00 |